Case-marking, canonical sentence patterns, and counter equi in Japanese ( a preliminary survey)
| Published in: | Japanese syntax and semantics, S.-Y. Kuroda, Dordrecht, 1992, P.222-239 (Studies in natural language and linguistic theory) |
|---|---|
| Main Author: | |
| Content type: | Article |
| Published: |
1992
|
| Source: | MPIPL_cat |
MARC
| LEADER | 00000naa a2200000 u 4500 | ||
|---|---|---|---|
| 001 | PL0032345 | ||
| 003 | PLI01000000000000000032241 | ||
| 005 | 00000000000000.0 | ||
| 008 | ||| u | ||
| 100 | 1 | |a Kuroda, Shige-Yuki | |
| 245 | 0 | 0 | |a Case-marking, canonical sentence patterns, and counter equi in Japanese ( a preliminary survey) |c S.-Y. Kuroda |
| 260 | |c 1992 | ||
| 773 | 0 | 8 | |t Japanese syntax and semantics |a S.-Y. Kuroda |d Dordrecht, 1992 |g P.222-239 |k Studies in natural language and linguistic theory |w MPIPL_cat.PL0032340 |z 0-7923-1390-9 |i In: |
| 952 | |j 1992 |h P.222-239 | ||
| 996 | |a Aufsatz | ||
| 997 | |a book chapter | ||